00889nam a2200217Ia 4500952010900000999001700109008004100126020001500167050002200182100003900204245006300243250001800306260003300324300001800357500005400375504003500429505014400464519004400608650001200652942000700664 00104070a11b11d2007-08-24l6oBJ1143 G87 2006p11 006638r2017-06-01s2017-06-01t1w2012-06-26yLB c71620d71620120626s2006 mx 000 0 spa d a9707821493 aBJ1143 bG87 2006 aGutiérrez Sáenz, Raúleautor aIntroducción a la éticac / Raúl Gutiérrez Sáenz a8a. edición aMéxico b: Esfingec, 2006 a286 páginas aIncluye: Prólogo (p.7-8), Conclusión (p. 276) aBibliografía (pp. 277 - 278) aLa ética en el ámbito científico y filosófico Libertad y valores Ley y obligación Realización moral Doctrinas éticas aMaterial complementario / d(11 006638) 0aÉTICA cLB